Stabilized crosslink network structure and performance properties in EPDM: Exploring hybrid crosslinking (Record no. 75651)

MARC details
000 -LEADER
fixed length control field 00608nam a22001577a 4500
100 ## - MAIN ENTRY--AUTHOR NAME
Personal name Parathodika, A.R.
245 ## - TITLE STATEMENT
Title Stabilized crosslink network structure and performance properties in EPDM: Exploring hybrid crosslinking
260 ## - PUBLICATION, DISTRIBUTION, ETC. (IMPRINT)
Name of publisher International Rubber Conference-Rubber Con 2024: Sustainable Development in Rubber Industry-Challenges and Opportunities, 5-7 December 2024, Indian Rubber Institute, Kochi, India, p. 99.
300 ## - PHYSICAL DESCRIPTION
Other physical details Abstract only
650 ## - SUBJECT ADDED ENTRY--TOPICAL TERM
Topical Term EPDM
650 ## - SUBJECT ADDED ENTRY--TOPICAL TERM
Topical Term Hybrid crosslinking
650 ## - SUBJECT ADDED ENTRY--TOPICAL TERM
Topical Term Crossover curing
700 ## - ADDED ENTRY--PERSONAL NAME
Personal name Naskar, K.
942 ## - ADDED ENTRY ELEMENTS (KOHA)
Koha item type Journals
Holdings
Withdrawn status Lost status Damaged status Not for loan Home library Current library Date acquired Koha item type
        RRII Library RRII Library 24/09/2025 Journals